000 01362nam a2200229Ia 4500
003 Ost
005 20260507075156.0
008 260507s9999||||xx |||||||||||||| ||und||
040 _cfsecg
041 _aara
082 _a330
100 _aالنجار، فريد
_eمؤلف
245 0 _aأسواق المال و المؤسسات المالية :
_bمحاور التمويل الاستراتيجي /
_c فريد النجار
260 _aالاسكندرية:
_bالدار الجامعية,
_c2009
300 _a266 صفحة؛
_bإيضاحات ؛
_c24 سم
504 _aمراجع ص.259 ، جداول ص.261
520 _aمقدمة في أسواق المال و المؤسسات المالية ، علاقة المدير المالي بالبنوك التجارية ، الجوانب الإجرائية و التنظيمية للبنوك ، إدارة ابنوك بالجودة الشاملة ، المدير المالي و المؤسسات المالية غير المصرفية ، المدير المالي و الاسواق المالية ، المدير المالي و أسواق رأس المال في الدول العربية ، ميتقبل وظائف الادارة المالية الاستراتيجية
653 _aأسواق المال
653 _aالتمويل
653 _aالمؤسسات المالية
942 _cكتاب
999 _c43372
_d43372